000 00322 a2200157 4500
001 58531
020 _a
040 _cAnchieta - Pituba
100 _aNovato, Maria Lúcia Prisco
240 1 0 _aArquimimo
_lpor
245 1 0 _aArquimimo
300 _a388
362 0 _a1998
650 4 _aFicção brasileira
942 _cBK
999 _c58531
_d58531